Evolution of ISO recommendation on analysis of precision experiments for statistical quality control (Record no. 59057)

MARC details
000 -LEADER
fixed length control field 01319nam a2200169Ia 4500
100 ## - MAIN ENTRY--AUTHOR NAME
Personal name Wijesuriya Wasana
245 #0 - TITLE STATEMENT
Title Evolution of ISO recommendation on analysis of precision experiments for statistical quality control
260 ## - PUBLICATION, DISTRIBUTION, ETC. (IMPRINT)
Name of publisher Journal of the Rubber Research Iinstitute of Sri Lanka
Year of publication 1999
300 ## - PHYSICAL DESCRIPTION
Number of Pages 31-46
520 ## - SUMMARY, ETC.
Summary, etc Application of appropriate statistical methods is an important task in any quality control process as various statistical approaches such as; sampling, experimentation and process control are involved in quality control processes. This has become an essential practice in many areas since the introduction of ISO quality assurance scheme. This article focuses on precision experiments where several laboratories are compared for a standard measurement method. The whole proess of analysis and interpretation suggested by ISO is evaluated and documentated in a sequential order. In addition to the ISO recommendation, additional graphical methods are suggested for better judgement. The statisticians role as a member of the panel is also presented at each step of the quality control process.
650 ## - SUBJECT ADDED ENTRY--TOPICAL TERM
Topical Term ISO recommendation
650 ## - SUBJECT ADDED ENTRY--TOPICAL TERM
Topical Term Precision experiments
650 ## - SUBJECT ADDED ENTRY--TOPICAL TERM
Topical Term Quality control
700 ## - ADDED ENTRY--PERSONAL NAME
Personal name Thattil R O
942 ## - ADDED ENTRY ELEMENTS (KOHA)
Koha item type Journals
Holdings
Withdrawn status Lost status Damaged status Not for loan Home library Current library Date acquired Serial Enumeration / chronology Koha item type
      Journals RRII Library RRII Library 22/11/2001 Volume 82, Issue Journals